| 000 | 00754cab a22002055a 4500 | ||
|---|---|---|---|
| 001 | L158411 | ||
| 008 | 150206e20150131xxk 000 0 eng d | ||
| 035 | _a(Sirsi) u158411 | ||
| 041 | 0 | _aeng | |
| 100 | 1 | _aBarnes, A. | |
| 245 | 0 | 0 | _aUnlocking the potential of charity land |
| 260 | _c2015 | ||
| 490 |
_aEstates Gazette _v(1504) 31 January 2015, 92-93(2) |
||
| 520 | _aCompares the development deal choices available to charities which have land they wish to develop. Includes information on selling to a developer with paragraphs on option agreement, pre-emption agreement and conditional contract. | ||
| 590 | _aKA | ||
| 651 | 4 | _aUnited Kingdom | |
| 690 | _aPROPERTY-PROPERTY ACQUISITION AND DISPOSAL | ||
| 700 | 1 | _aMcPeake, Emma | |
| 942 | _n0 | ||
| 999 |
_c84589 _d84589 |
||